000 00401nam a2200157 4500
020 _a9788120314924
082 _a621.46 DEN
100 _aDe, Nisit K.
245 _aElectric drives
260 _aNew Delhi, India
_bPHI Learning
_c1999
300 _aix, 314 p.
_bill. ;
500 _aIncludes index.
650 _a1. Electric driving. 2. Electric motors.
700 _aSen, Prasanta K.
942 _cBK
999 _c12357
_d12357